Understanding global environmental politics : (Record no. 14456)

000 -LEADER
fixed length control field 01353cam a22002894a 4500
001 - CONTROL NUMBER
control field 11807977
005 - DATE AND TIME OF LATEST TRANSACTION
control field 20170105102855.0
008 - FIXED-LENGTH DATA ELEMENTS--GENERAL INFORMATION
fixed length control field 991012s2000 enka b 001 0 eng
010 ## - LIBRARY OF CONGRESS CONTROL NUMBER
LC control number 99053110
020 ## - INTERNATIONAL STANDARD BOOK NUMBER
International Standard Book Number 0312230907 (cloth)
040 ## - CATALOGING SOURCE
Original cataloging agency DLC
Transcribing agency DLC
Modifying agency DLC
042 ## - AUTHENTICATION CODE
Authentication code pcc
050 00 - LIBRARY OF CONGRESS CALL NUMBER
Classification number GE170
Item number .P38 2000
082 00 - DEWEY DECIMAL CLASSIFICATION NUMBER
Classification number 363.7
Edition number 21
100 1# - MAIN ENTRY--PERSONAL NAME
Personal name Paterson, Matthew,
Dates associated with a name 1967-
245 10 - TITLE STATEMENT
Title Understanding global environmental politics :
Remainder of title domination, accumulation, resistance /
Statement of responsibility, etc. Matthew Paterson.
260 ## - PUBLICATION, DISTRIBUTION, ETC.
Place of publication, distribution, etc. Houndmills, Basingstoke, Hampshire :
Name of publisher, distributor, etc. Macmillan Press ;
Place of publication, distribution, etc. New York :
Name of publisher, distributor, etc. St. Martin's Press,
Date of publication, distribution, etc. c2000.
300 ## - PHYSICAL DESCRIPTION
Extent x, 199 p. :
Other physical details ill. ;
Dimensions 23 cm.
504 ## - BIBLIOGRAPHY, ETC. NOTE
Bibliography, etc. note Includes bibliographical references (p. 175-195) and index.
650 #0 - SUBJECT ADDED ENTRY--TOPICAL TERM
Topical term or geographic name entry element Environmental policy.
856 42 - ELECTRONIC LOCATION AND ACCESS
Materials specified Contributor biographical information
Uniform Resource Identifier <a href="http://www.loc.gov/catdir/bios/hol058/99053110.html">http://www.loc.gov/catdir/bios/hol058/99053110.html</a>
856 42 - ELECTRONIC LOCATION AND ACCESS
Materials specified Publisher description
Uniform Resource Identifier <a href="http://www.loc.gov/catdir/description/hol057/99053110.html">http://www.loc.gov/catdir/description/hol057/99053110.html</a>
856 41 - ELECTRONIC LOCATION AND ACCESS
Materials specified Table of contents
Uniform Resource Identifier <a href="http://www.loc.gov/catdir/toc/hol053/99053110.html">http://www.loc.gov/catdir/toc/hol053/99053110.html</a>
906 ## - LOCAL DATA ELEMENT F, LDF (RLIN)
a 7
b cbc
c orignew
d 1
e ocip
f 19
g y-gencatlg
942 ## - ADDED ENTRY ELEMENTS (KOHA)
Source of classification or shelving scheme
Koha item type Book
Holdings
Withdrawn status Lost status Damaged status Not for loan Collection code Permanent Location Current Location Shelving location Date acquired Total Checkouts Full call number Barcode Date last seen Price effective from Koha item type
          Centre for International Peace & Stability (CIPS) Centre for International Peace & Stability (CIPS) General Stacks 08/05/2013   363.7 PAT 2001 CIPS0000559 09/02/2013 09/02/2013 Book
© 2023 Central Library, National University of Sciences and Technology. All Rights Reserved.